| 000 | 00472nam a2200181Ia 4500 | ||
|---|---|---|---|
| 003 | IN-BaIIA | ||
| 008 | 211028s9999 xx 000 0 eng d | ||
| 040 | _cIIA Library | ||
| 080 |
_a500 _bKOT |
||
| 100 |
_aKothari, D. S _98546 |
||
| 245 | 0 |
_aScience and man _cD. S. Kothari |
|
| 260 |
_aNew Delhi _bIndiana Publications _c1974 |
||
| 300 | _a44p. | ||
| 650 |
_a General science _98547 |
||
| 650 |
_a Science-general _98548 |
||
| 650 | _aNASA thesaurus | ||
| 942 | _cBK | ||
| 999 |
_c4803 _d4803 |
||